| 000 | 00548nam a2200169 a 4500 | ||
|---|---|---|---|
| 001 | 000046110 | ||
| 005 | 20250206102509.0 | ||
| 008 | 150623s2006 dr 000 0 spa d | ||
| 040 |
_aDO-SdBNP _bspa _cBNPHU |
||
| 082 |
_axxx _bM938a |
||
| 100 | 1 |
_aMoya, Pastor de, _d1965- _97820 |
|
| 245 | 1 | 0 |
_aAltares y profanaciones / _cPastor de Moya. |
| 260 |
_aGurabo, Santiago de los Caballeros, República Dominicana : _bEdiciones Constitucionalistas, _c2006. |
||
| 300 |
_a73 p. ; _c22 cm. |
||
| 490 | 1 | _aCereza de ensayo | |
| 830 | 0 |
_aCereza de ensayo _974175 |
|
| 999 |
_c45599 _d45599 |
||